ZnMn alloy coating for steel cord (Record no. 72610)

MARC details
000 -LEADER
fixed length control field 00491nam a2200157Ia 4500
100 ## - MAIN ENTRY--AUTHOR NAME
Personal name Cipparrone M
245 #0 - TITLE STATEMENT
Title ZnMn alloy coating for steel cord
260 ## - PUBLICATION, DISTRIBUTION, ETC. (IMPRINT)
Name of publisher International Conference and Exhibition on Rubber and Allied Materials Asia Rub Tech Expo 2002. 28-30 November 2002, New Delhi. pp.39-44.
650 ## - SUBJECT ADDED ENTRY--TOPICAL TERM
Topical Term Steel cord
700 ## - ADDED ENTRY--PERSONAL NAME
Personal name Cavallotti P L
700 ## - ADDED ENTRY--PERSONAL NAME
Personal name Doujak S
700 ## - ADDED ENTRY--PERSONAL NAME
Personal name Pavan F
700 ## - ADDED ENTRY--PERSONAL NAME
Personal name Ratti G
942 ## - ADDED ENTRY ELEMENTS (KOHA)
Koha item type Journals
Holdings
Withdrawn status Lost status Damaged status Not for loan Home library Current library Shelving location Date acquired Koha item type
      Journals RRII Library RRII Library Rubber general 17/12/2021 Journals